01184cam a22003255a 45000010009000000050017000090080041000260200022000670200025000890400028001140820019001421000031001612450119001922500012003112600045003233000035003685000027004035000024004305040031004546500040004856500038005256510010005636530033005736550024006067000018006307000020006489420019006689990017006879520154007041812532420150816123356.0140423s2015 enka frbd 001 0 eng d a144628591X (pbk.) a9781446285916 (pbk.) aDLCbengcDLCdEG-ScBUE04a302.2bLIU2221 aLiu, Shuang,938310d1959-10aIntroducing intercultural communication :bglobal cultures and contexts /cShuang Liu, Zala Volcic, Cindy Gallois. a2nd ed. aLondon :bSage Oublications Ltd.,c2015. axix, 360 p. :bill. ; c24 cm. aGlossary : p. 322-332. aIndex : p. 347-360. aBibliography : p. 333-346. 0aIntercultural communication.2BUEsh 0aCulture and globalization.2BUEsh 2BUEsh bBUSADMcJune2015cAugust2015 vreading book9342321 aVolcic, Zala.1 aGallois, Cindy. 2ddck302.2 LIU c19774d19746 00102ddc40708AlahramaMAINbMAINc1STd2015-06-18epurchaseg360.00h338l1m1o302.2 LIUp000038777r2025-07-15 00:00:00s2015-11-17v450.00yBB